000 00434nam a22001817a 4500
005 20231016111246.0
008 230905b |||||||| |||| 00| 0 eng d
020 _a9783955881115
082 _a759.4
_bPAD-C
100 _aPadberg, Martina
245 _aClaude Monet
260 _aSpain
_bKONEMANN
_c2016
300 _a288
500 _aInclude index
650 _aArchitecture
700 _aMartina Padberg
942 _iBook
_6BOOK
999 _c33442
_d33442